Online Catalogue and eLibrary

Manawa himikam prayogika patamalawa (Record no. 5024)

MARC details
000 -LEADER
fixed length control field 00446nam a2200157Ia 4500
005 - DATE AND TIME OF LATEST TRANSACTION
control field 20250620033651.0
008 - FIXED-LENGTH DATA ELEMENTS--GENERAL INFORMATION
fixed length control field 240331s9999 xx 000 0 und d
020 ## - INTERNATIONAL STANDARD BOOK NUMBER
ISBN 9559021176
082 ## - DDC Classification
Item Number - Author Mark EKA
Class No. 322
100 ## - MAIN ENTRY--PERSONAL NAME
Personal name Ekanayake,S.B
245 #0 - TITLE STATEMENT
Title Manawa himikam prayogika patamalawa
260 ## - PUBLICATION, DISTRIBUTION, ETC.
Place of publication, distribution, etc. Sri Lanka
Name of publisher, distributor, etc. Centre for human Rights Studies- University of Colombo
Date of publication, distribution, etc. 1998
300 ## - PHYSICAL DESCRIPTION
Extent (e.g. Volumes, Pages etc.) 324 p .,
500 ## - GENERAL NOTE
General note Human Rights Practical Course
942 ## - Koha item type (Biblio)
Koha item type Books in Stacks (Lending)
Holdings
Lost status Damaged status Collection code Home library Current library Shelving location Date acquired Full call number Accession Number Item type
    Lending WERC Library WERC Library Social Science Cupboard 03/31/2024 322.6 EKA 6357 Books in Stacks (Lending)

© WERC Library